[Event "2nd GMA World Cup prel  #1"]
[Site "Belgrade YUG"]
[Date "1988.??.??"]
[Round "?"]
[White "Maksimovic, Branimir"]
[Black "Ristic, Nebojsa"]
[Result "1-0"]
[WhiteElo "2435"]
[BlackElo "2360"]
[EventDate "1988.12.??"]
[PlyCount "165"]

1.d4 Nf6 2.c4 g6 3.Nc3 Bg7 4.e4 d6 5.Be2 O-O 6.Bg5 h6 7.Bf4 Nc6 8.d5 e5 9.
Be3 Nd4 10.Nf3 Nxe2 11.Qxe2 a6 12.Nd2 c5 13.f3 Nh5 14.g3 Qe8 15.a4 Bd7 16.
a5 f5 17.Ra3 f4 18.Bf2 fxg3 19.hxg3 Rd8 20.Nd1 Qe7 21.Ne3 Bc8 22.Kd1 Rf7 
23.Kc2 Rdf8 24.Rb1 Qg5 25.Nef1 Nf6 26.Be3 Qh5 27.Qh2 Qxh2 28.Nxh2 Nh5 29.
Rg1 Bd7 30.Kd3 Rb8 31.Rb3 b5 32.axb6 Bc8 33.Ng4 Kh7 34.Nf2 Rfb7 35.Ke2 
Rxb6 36.Rxb6 Rxb6 37.Nd3 a5 38.Kf2 a4 39.Ra1 Bd7 40.Nb1 Rb3 41.Ra3 Rb7 42.
Nc3 g5 43.Nxa4 g4 44.b3 Bxa4 45.bxa4 Rf7 46.f4 Nf6 47.Kg2 Nxe4 48.a5 exf4 
49.Bxf4 Bd4 50.a6 Ra7 51.Ne1 Kg6 52.Nc2 h5 53.Ra4 Bb2 54.Na3 Bxa3 55.Rxa3 
Kf5 56.Bh6 Kg6 57.Bc1 Kf5 58.Kf1 Nf6 59.Bh6 Ne4 60.Ke2 Ng5 61.Ke3 Nf7 62.
Bf8 Ra8 63.Be7 Ra7 64.Kd3 Ne5+ 65.Kc3 Nf7 66.Ra1 Kg6 67.Ra2 Kg7 68.Ra5 Kg6
69.Kb3 Rxe7 70.a7 Rxa7 71.Rxa7 h4 72.gxh4 g3 73.h5+ Kf6 74.Ra1 Nh6 75.Ka4 
Kg5 76.Rh1 Nf5 77.Kb5 Nd4+ 78.Kb6 Nf3 79.Kc7 g2 80.Rd1 Nd2 81.Rg1 Nxc4 82.
Rxg2+ Kxh5 83.Rg1 1-0

[Event "2nd GMA World Cup prel  #1"]
[Site "Belgrade YUG"]
[Date "1988.??.??"]
[Round "?"]
[White "Maksimovic, Branimir"]
[Black "Trifunovic, Miroljub"]
[Result "1/2-1/2"]
[WhiteElo "2435"]
[BlackElo "2300"]
[EventDate "1988.12.??"]
[PlyCount "21"]

1.d4 d5 2.c4 e6 3.Nc3 Be7 4.Nf3 Nf6 5.Bg5 h6 6.Bh4 O-O 7.e3 b6 8.cxd5 exd5
9.Be2 Bb7 10.Bxf6 Bxf6 11.O-O 1/2-1/2

[Event "2nd GMA World Cup prel  #1"]
[Site "Belgrade YUG"]
[Date "1988.??.??"]
[Round "?"]
[White "Maric, Dragan"]
[Black "Dizdar, Goran"]
[Result "1-0"]
[WhiteElo "2370"]
[BlackElo "2500"]
[EventDate "1988.12.??"]
[PlyCount "59"]

1.e4 e6 2.d4 d5 3.Nc3 Nf6 4.e5 Nfd7 5.f4 c5 6.Nf3 Nc6 7.Be3 a6 8.Qd2 cxd4 
9.Nxd4 Bc5 10.O-O-O O-O 11.Nb3 Be7 12.Bd3 b5 13.Qe2 Nb6 14.Qh5 g6 15.Qf3 
Na4 16.h4 Nb4 17.h5 Nxc3 18.hxg6 Nxd3+ 19.Rxd3 Nxa2+ 20.Kb1 fxg6 21.Kxa2 
Rf7 22.Qg4 b4 23.Bd4 Qe8 24.Rdh3 Rg7 25.Rh6 Qf7 26.Na5 Bd7 27.Qh3 Rc8 28.
Nb7 Qf5 29.Rxh7 Qxh3 30.R7xh3 1-0

[Event "2nd GMA World Cup prel  #1"]
[Site "Belgrade YUG"]
[Date "1988.??.??"]
[Round "?"]
[White "Maric, Dragan"]
[Black "Lein, Anatoly"]
[Result "1-0"]
[WhiteElo "2370"]
[BlackElo "2470"]
[EventDate "1988.12.??"]
[PlyCount "76"]

1.e4 e5 2.Nf3 Nc6 3.d4 exd4 4.c3 d3 5.Bxd3 d6 6.h3 Nf6 7.O-O Be7 8.Nbd2 
O-O 9.Re1 Nd7 10.Nf1 Nce5 11.Bc2 Nxf3+ 12.Qxf3 Bg5 13.Qg3 h6 14.Ne3 Ne5 
15.Rf1 Be6 16.b3 Bh4 17.Qh2 Bd7 18.f4 Ng6 19.g3 Bf6 20.Nd5 Bc6 21.Nxf6+ 
Qxf6 22.Bb2 Rfe8 23.Rae1 b5 24.Bb1 Qd8 25.Qc2 Qb8 26.e5 dxe5 27.f5 Nf8 28.
f6 e4 29.fxg7 Nh7 30.Bc1 Qc8 31.Qf2 f6 32.Kh2 Re5 33.Bf4 Rh5 34.h4 f5 35.
Bc2 Nf6 36.Bd1 Qe6 37.Bxc7 Rc8 38.Ba5 a6 1-0

[Event "2nd GMA World Cup prel  #1"]
[Site "Belgrade YUG"]
[Date "1988.??.??"]
[Round "?"]
[White "Maric, Dragan"]
[Black "Matulovic, Milan"]
[Result "1-0"]
[WhiteElo "2370"]
[BlackElo "2425"]
[EventDate "1988.12.??"]
[PlyCount "75"]

1.e4 c5 2.Nc3 Nc6 3.g3 g6 4.Bg2 Bg7 5.d3 d6 6.f4 e6 7.Nf3 Nge7 8.O-O O-O 
9.Be3 Nd4 10.e5 Nef5 11.Bf2 Nxf3+ 12.Qxf3 Nd4 13.Qd1 dxe5 14.fxe5 Rb8 15.
Ne4 b6 16.c3 Nb5 17.Nf6+ Bxf6 18.exf6 Bb7 19.Bxb7 Rxb7 20.Qd2 Kh8 21.Be3 
e5 22.Bh6 Re8 23.Bg7+ Kg8 24.Qh6 Nc7 25.Rf3 Qd5 26.Re3 Qd7 27.Bh8 Ne6 28.
g4 Qa4 29.c4 Rd8 30.Rh3 Rd4 31.Qxh7+ Kf8 32.Bg7+ Ke8 33.Qg8+ Kd7 34.Qxf7+ 
Kd6 35.Qxb7 Rxg4+ 36.Rg3 Rxg3+ 37.hxg3 Qc2 38.Qe7+ 1-0

[Event "2nd GMA World Cup prel  #1"]
[Site "Belgrade YUG"]
[Date "1988.??.??"]
[Round "?"]
[White "Maric, Dragan"]
[Black "Ristic, Nenad"]
[Result "1-0"]
[WhiteElo "2370"]
[BlackElo "2440"]
[EventDate "1988.12.??"]
[PlyCount "91"]

1.e4 c5 2.Nc3 Nc6 3.g3 g6 4.Bg2 Bg7 5.d3 d6 6.f4 e6 7.Nf3 Nge7 8.O-O O-O 
9.Be3 Nd4 10.e5 Qb6 11.b3 Nef5 12.Bf2 Nxf3+ 13.Qxf3 dxe5 14.fxe5 Bxe5 15.
Na4 Qa5 16.c3 Bd7 17.Bxc5 Bxa4 18.Bxf8 Bc6 19.Bb4 Bxf3 20.Bxa5 Bxg2 21.
Rfe1 Bf6 22.Kxg2 b6 23.Bxb6 axb6 24.d4 b5 25.a4 b4 26.cxb4 Nxd4 27.Rab1 
Rc8 28.Rec1 Rb8 29.b5 Rb7 30.Kf2 Be7 31.Rc8+ Kg7 32.Ke3 Nf5+ 33.Kd3 Rd7+ 
34.Kc3 Nd6 35.Rc6 Ne4+ 36.Kb2 Rd2+ 37.Rc2 Ba3+ 38.Kxa3 Rxc2 39.b6 Rc8 40.
a5 Rb8 41.Rc1 Kf6 42.Rc6 Ke5 43.a6 Kd5 44.a7 Ra8 45.Rc8 Rxc8 46.b7 1-0

[Event "2nd GMA World Cup prel  #1"]
[Site "Belgrade YUG"]
[Date "1988.??.??"]
[Round "?"]
[White "Marjanovic, Slavoljub"]
[Black "Campora, Daniel Hugo"]
[Result "1-0"]
[WhiteElo "2485"]
[BlackElo "2540"]
[EventDate "1988.12.??"]
[PlyCount "113"]

1.e4 e5 2.Nf3 d6 3.d4 Nf6 4.Nc3 Nbd7 5.Bc4 Be7 6.Qe2 O-O 7.O-O exd4 8.Nxd4
Ne5 9.Bb3 c5 10.Nf5 Bxf5 11.exf5 Qd7 12.Nd5 Rfe8 13.c3 Bd8 14.f4 c4 15.
Nxf6+ Bxf6 16.fxe5 cxb3 17.Qd3 Bxe5 18.axb3 d5 19.Be3 Qd6 20.h3 a6 21.Rad1
Rad8 22.b4 f6 23.Rd2 Qc6 24.Kh1 Bc7 25.Bg1 Re4 26.Bh2 Bxh2 27.Kxh2 Qe8 28.
Rfd1 h5 29.Qf3 Qe5+ 30.Kg1 Re3 31.Qf2 Rd7 32.Rd3 Re4 33.Qf3 h4 34.Rd4 Kf8 
35.Qf2 Ke8 36.Qf3 Kd8 37.Qf2 Kc8 38.Qf3 Kb8 39.Qf2 Ka8 40.Rxe4 Qxe4 41.Rd4
Qb1+ 42.Kh2 Rd8 43.Rxh4 d4 44.Rxd4 Rxd4 45.cxd4 Qd3 46.Qf4 Qc4 47.Qd6 Qd3 
48.Qf8+ Ka7 49.Qc5+ Kb8 50.b5 axb5 51.Qf8+ Ka7 52.Qa3+ Qxa3 53.bxa3 Kb6 
54.g4 Ka5 55.h4 b4 56.axb4+ Kxb4 57.g5 1-0

[Event "2nd GMA World Cup prel  #1"]
[Site "Belgrade YUG"]
[Date "1988.??.??"]
[Round "?"]
[White "Marjanovic, Slavoljub"]
[Black "Kontic, Dordije"]
[Result "1-0"]
[WhiteElo "2485"]
[BlackElo "2370"]
[EventDate "1988.12.??"]
[PlyCount "55"]

1.e4 e6 2.d4 d5 3.Nc3 Nf6 4.Bg5 Bb4 5.e5 h6 6.Bd2 Bxc3 7.bxc3 Ne4 8.Qg4 g6
9.Bd3 Nxd2 10.Kxd2 c5 11.h4 Nc6 12.Nf3 Qa5 13.Qf4 Bd7 14.Rhb1 c4 15.Qf6 
Rg8 16.Be2 b5 17.Qf4 b4 18.cxb4 Nxb4 19.c3 Nxa2 20.Qe3 Ke7 21.Rb2 Rgb8 22.
Rbxa2 Rb2+ 23.Rxb2 Qxa1 24.Rb7 Kd8 25.Qf4 Kc8 26.Qxf7 Kxb7 27.Qxd7+ Kb8 
28.Ne1 1-0

[Event "2nd GMA World Cup prel  #1"]
[Site "Belgrade YUG"]
[Date "1988.??.??"]
[Round "?"]
[White "Marjanovic, Slavoljub"]
[Black "Kovacevic, Slobodan"]
[Result "1-0"]
[WhiteElo "2485"]
[BlackElo "2340"]
[EventDate "1988.12.??"]
[PlyCount "87"]

1.d4 Nf6 2.c4 e6 3.Nf3 c5 4.e3 b6 5.Bd3 a6 6.O-O d6 7.b3 Be7 8.Bb2 Nbd7 9.
Nc3 O-O 10.Qe2 Re8 11.a3 Bb7 12.b4 Ra7 13.Rfd1 Qa8 14.Rab1 Nf8 15.Ne1 Bc6 
16.Qc2 Rc8 17.Ba1 N8d7 18.bxc5 dxc5 19.d5 exd5 20.cxd5 Bb7 21.Bf5 g6 22.
Bh3 b5 23.Qb2 Re8 24.d6 Bd8 25.Nxb5 axb5 26.Bxd7 Rf8 27.Bxb5 Rxa3 28.Bc4 
Be4 29.Rbc1 Ra7 30.f3 Bc6 31.e4 Be8 32.Nd3 Qc6 33.Ne5 Qc8 34.Rd3 Bd7 35.
Rb3 Ra8 36.Nxd7 Qxd7 37.e5 Rxa1 38.Rxa1 Nh5 39.Rb7 Qf5 40.Raa7 Qf4 41.Qc3 
Ng7 42.Rxf7 Rxf7 43.Rxf7 Qxf7 44.Qb3 1-0

[Event "2nd GMA World Cup prel  #1"]
[Site "Belgrade YUG"]
[Date "1988.??.??"]
[Round "?"]
[White "Marjanovic, Slavoljub"]
[Black "Vucicevic, Moma"]
[Result "1/2-1/2"]
[WhiteElo "2485"]
[BlackElo "2370"]
[EventDate "1988.12.??"]
[PlyCount "55"]

1.e4 d6 2.d4 Nf6 3.Nc3 g6 4.f4 Bg7 5.Nf3 c5 6.dxc5 Qa5 7.Bd3 Qxc5 8.Qe2 
O-O 9.Be3 Qa5 10.O-O Bg4 11.h3 Bxf3 12.Qxf3 Nc6 13.a3 Nd7 14.Bd2 Qd8 15.
Kh1 e6 16.Rad1 Rc8 17.f5 Qh4 18.Be1 Qe7 19.Bg3 Nce5 20.Qf2 a6 21.Bh4 Bf6 
22.Bxf6 Nxf6 23.Kg1 Qc7 24.Be2 Qc5 25.Qxc5 dxc5 26.Rd6 Rc6 27.Rxc6 Nxc6 
28.fxe6 1/2-1/2

[Event "2nd GMA World Cup prel  #1"]
[Site "Belgrade YUG"]
[Date "1988.??.??"]
[Round "?"]
[White "Markovic, Miroslav"]
[Black "Kapetanovic, Armin"]
[Result "1/2-1/2"]
[WhiteElo "2250"]
[BlackElo "2395"]
[EventDate "1988.12.??"]
[PlyCount "120"]

1.d4 Nf6 2.c4 g6 3.Nc3 d5 4.Nf3 Bg7 5.Bg5 Ne4 6.cxd5 Nxg5 7.Nxg5 c6 8.e3 
e6 9.Nf3 exd5 10.Bd3 O-O 11.O-O b6 12.Rc1 Bb7 13.b4 Qd6 14.Qb3 Nd7 15.e4 
dxe4 16.Bxe4 Rac8 17.b5 Nb8 18.Rfd1 Rfd8 19.h3 h6 20.Ne5 Bxe5 21.dxe5 Qxe5
22.Bxg6 Rxd1+ 23.Rxd1 Qf6 24.Be4 cxb5 25.Bxb7 Rxc3 26.Qxb5 Nc6 27.Bxc6 
Rxc6 28.Qa4 Kg7 29.Qxa7 Rc2 30.Rf1 Qd4 31.Qa3 Qc4 32.Qg3+ Kh7 33.Rb1 b5 
34.a3 Rc3 35.Qe5 Rxa3 36.Rxb5 Ra4 37.Qf5+ Kg7 38.Qb1 Qe4 39.Qb2+ Qd4 40.
Qe2 Qe4 41.Qxe4 Rxe4 42.g4 Ra4 43.Kg2 Ra3 44.f3 Ra1 45.h4 Rc1 46.Rb2 Ra1 
47.Kg3 Rg1+ 48.Rg2 Rh1 49.h5 Ra1 50.f4 Ra3+ 51.Kh4 Rf3 52.f5 Rf1 53.Kg3 
Kf6 54.Rf2 Rg1+ 55.Kf4 Ra1 56.Rb2 Ra4+ 57.Kf3 Kg5 58.Rb7 Rf4+ 59.Ke3 Kxg4 
60.Rxf7 Rxf5 1/2-1/2

[Event "2nd GMA World Cup prel  #1"]
[Site "Belgrade YUG"]
[Date "1988.??.??"]
[Round "?"]
[White "Markovic, Miroslav"]
[Black "Lazic, Miroljub"]
[Result "0-1"]
[WhiteElo "2250"]
[BlackElo "2375"]
[EventDate "1988.12.??"]
[PlyCount "89"]

1.d4 Nf6 2.c4 g6 3.Nc3 Bg7 4.e4 d6 5.f3 O-O 6.Be3 b6 7.Qd2 c5 8.d5 e6 9.
Bh6 Nxe4 10.Nxe4 Qh4+ 11.g3 Qxh6 12.Qxh6 Bxh6 13.Nxd6 exd5 14.Nxc8 Rxc8 
15.cxd5 Re8+ 16.Kf2 Bg7 17.Rb1 Nd7 18.Bb5 Red8 19.Ne2 Ne5 20.Nc3 c4 21.
Rhd1 a6 22.Ba4 Nd3+ 23.Rxd3 cxd3 24.Bc6 Ra7 25.Rd1 Bxc3 26.bxc3 Kf8 27.
Rxd3 Ke7 28.Ke3 Kd6 29.Kd4 Re7 30.Rd2 Re1 31.a4 Rb1 32.c4 Rb4 33.f4 Rb8 
34.Kc3 Kc5 35.Re2 Rxc4+ 36.Kb3 b5 37.axb5 axb5 38.Re7 b4 39.Rxf7 Rc3+ 40.
Kb2 b3 41.Bb7 Kb4 42.d6 Rc2+ 43.Kb1 Re8 44.Re7 Rxe7 45.dxe7 0-1

[Event "2nd GMA World Cup prel  #1"]
[Site "Belgrade YUG"]
[Date "1988.??.??"]
[Round "?"]
[White "Markovic, Miroslav"]
[Black "Martinovic, Slobodan"]
[Result "1/2-1/2"]
[WhiteElo "2250"]
[BlackElo "2440"]
[EventDate "1988.12.??"]
[PlyCount "121"]

1.d4 Nf6 2.c4 g6 3.Nc3 Bg7 4.e4 d6 5.f3 O-O 6.Be3 b6 7.Qd2 c5 8.d5 Re8 9.
g4 a6 10.Bh6 Bh8 11.h4 Nbd7 12.h5 Ne5 13.Bg5 b5 14.hxg6 fxg6 15.Qh2 Ra7 
16.cxb5 Rf8 17.Bf4 Qa5 18.Bxe5 dxe5 19.bxa6 Bxa6 20.Nh3 Bxf1 21.Rxf1 Rb7 
22.Rc1 Rfb8 23.Rf2 h6 24.Rfc2 Ne8 25.Qd2 Bg7 26.b3 c4 27.bxc4 Nd6 28.Nb5 
Qa4 29.Nxd6 exd6 30.Nf2 Rf8 31.Rc3 Rbf7 32.Ke2 Kh7 33.Rh1 Qa6 34.Nd1 Kg8 
35.Qb2 Rc8 36.Ne3 Rb7 37.Rb3 Ra7 38.Rb1 Rxc4 39.Nxc4 Qxc4+ 40.Kf2 Kh7 41.
Rc1 Qa4 42.a3 Qd7 43.Rb1 Qe8 44.Rc3 Qd8 45.Qb6 Qe7 46.Kg2 h5 47.gxh5 gxh5 
48.Qf2 Bh6 49.Kh1 Bf4 50.Rcb3 Rc7 51.a4 Kh6 52.Rb8 Qf6 53.a5 Rc3 54.a6 Ra3
55.a7 Rxa7 56.Qxa7 Qh4+ 57.Kg2 Qg3+ 58.Kf1 Qxf3+ 59.Ke1 Qc3+ 60.Kf2 Qd2+ 
61.Kf1 1/2-1/2

[Event "2nd GMA World Cup prel  #1"]
[Site "Belgrade YUG"]
[Date "1988.??.??"]
[Round "?"]
[White "Markovic, Miroslav"]
[Black "Tosic, Miroslav"]
[Result "1/2-1/2"]
[WhiteElo "2250"]
[BlackElo "2405"]
[EventDate "1988.12.??"]
[PlyCount "112"]

1.d4 Nf6 2.c4 d6 3.Nc3 Nbd7 4.Nf3 c6 5.g3 e5 6.Bg2 Be7 7.O-O O-O 8.Qc2 Re8
9.Rd1 Bf8 10.e4 a6 11.d5 cxd5 12.Nxd5 Nxd5 13.cxd5 b5 14.a4 bxa4 15.Rxa4 
Nc5 16.Ra3 Rb8 17.Be3 Qb6 18.Rb1 a5 19.Nd2 Ba6 20.Bf1 Bxf1 21.Kxf1 Qb5+ 
22.Kg1 Rec8 23.Rc3 Qe2 24.Bxc5 Rxc5 25.Rxc5 dxc5 26.Rc1 a4 27.Nc4 Qxc2 28.
Rxc2 f6 29.f4 Rb4 30.fxe5 fxe5 31.Kf2 Be7 32.d6 Bf6 33.d7 Kf8 34.Nxe5 Rd4 
35.Rxc5 Bxe5 36.Rxe5 Rxd7 37.Ke3 Rb7 38.Rf5+ Ke7 39.Rf2 Ke6 40.h4 Rb5 41.
Kf4 Rb7 42.Rc2 Rf7+ 43.Kg5 Rb7 44.Rc6+ Ke5 45.Rc4 Rb3 46.Kg4 a3 47.bxa3 
Rxa3 48.h5 Ra7 49.Kg5 Ra3 50.Kh4 Re3 51.Rc5+ Kd6 52.Rc4 Ke5 53.h6 gxh6 54.
Rc5+ Kd6 55.Rc4 Ke5 56.g4 Rxe4 1/2-1/2

[Event "2nd GMA World Cup prel  #1"]
[Site "Belgrade YUG"]
[Date "1988.??.??"]
[Round "?"]
[White "Martinovic, Slobodan"]
[Black "Brujic, Bozidar"]
[Result "1-0"]
[WhiteElo "2440"]
[BlackElo "2240"]
[EventDate "1988.12.??"]
[PlyCount "62"]

1.e4 e5 2.Bc4 Nf6 3.d3 c6 4.Qe2 Be7 5.Nf3 O-O 6.O-O d6 7.c3 Re8 8.Bb3 h6 
9.Re1 Nbd7 10.Nbd2 Nf8 11.Nf1 N6h7 12.d4 Qc7 13.h3 Ng5 14.Nxg5 Bxg5 15.
Bxg5 hxg5 16.Qh5 Qe7 17.Nh2 Be6 18.Bc2 f6 19.Qf3 Qf7 20.a3 Ng6 21.Ng4 Nf4 
22.g3 Nxh3+ 23.Kg2 Qd7 24.Bd1 f5 25.exf5 Bd5 26.Re4 exd4 27.Bc2 Rf8 28.
Kxh3 Rxf5 29.Qe2 Qf7 30.Kh2 Rf3 31.Kh1 Rf8 1-0

[Event "2nd GMA World Cup prel  #1"]
[Site "Belgrade YUG"]
[Date "1988.??.??"]
[Round "?"]
[White "Martinovic, Slobodan"]
[Black "Franzen, Jozef"]
[Result "1-0"]
[WhiteElo "2440"]
[BlackElo "2320"]
[EventDate "1988.12.??"]
[PlyCount "66"]

1.e4 e5 2.Bc4 Nf6 3.d3 c6 4.Qe2 Be7 5.Nf3 O-O 6.O-O d6 7.c3 b5 8.Bb3 Nbd7 
9.d4 a6 10.Rd1 Qc7 11.Nbd2 g6 12.Nf1 Nh5 13.Bh6 Ng7 14.Ne3 Nf6 15.Ng5 Nfh5
16.g3 Bxg5 17.Bxg5 Kh8 18.dxe5 dxe5 19.Rd2 Ne6 20.Bh6 Nhg7 21.Rad1 Nc5 22.
Qf3 Qe7 23.Bc2 Be6 24.b4 Nb7 25.Nf5 gxf5 26.exf5 Qf6 27.Bxg7+ Kxg7 28.Qg4+
Kh8 29.fxe6 fxe6 30.Qe4 Qf7 31.Qxc6 Rg8 32.Be4 h5 33.Qxb7 Rab8 1-0

[Event "2nd GMA World Cup prel  #1"]
[Site "Belgrade YUG"]
[Date "1988.??.??"]
[Round "?"]
[White "Martinovic, Slobodan"]
[Black "Trifunovic, Miroljub"]
[Result "1-0"]
[WhiteElo "2440"]
[BlackElo "2300"]
[EventDate "1988.12.??"]
[PlyCount "77"]

1.e4 e5 2.Bc4 Nf6 3.d3 Nc6 4.Nf3 Bc5 5.O-O d6 6.c3 a6 7.Bb3 Ba7 8.Nbd2 h6 
9.Re1 g5 10.Nf1 g4 11.N3d2 h5 12.Ne3 h4 13.Ndf1 Rg8 14.g3 Rh8 15.Kg2 Bd7 
16.Bc2 Qe7 17.d4 O-O-O 18.Nf5 Bxf5 19.exf5 Rh5 20.Be3 Rdh8 21.dxe5 dxe5 
22.Bxa7 Nxa7 23.Qe2 hxg3 24.fxg3 Nc6 25.Rad1 Qc5 26.Be4 Ne7 27.Qd3 Kb8 28.
Re2 Nxe4 29.Qxe4 Nxf5 30.Rd5 Qc6 31.Rxe5 Nh4+ 32.Kf2 Rxe5 33.Qxe5 Qg2+ 34.
Ke3 Qf3+ 35.Kd2 Rd8+ 36.Kc2 Qxf1 37.Kb3 Nf3 38.Qe7 Qd1+ 39.Ka3 1-0

[Event "2nd GMA World Cup prel  #1"]
[Site "Belgrade YUG"]
[Date "1988.??.??"]
[Round "?"]
[White "Martinovic, Slobodan"]
[Black "Vratonjic, Slobodan"]
[Result "1-0"]
[WhiteElo "2440"]
[BlackElo "2360"]
[EventDate "1988.12.??"]
[PlyCount "79"]

1.d4 Nf6 2.c4 d6 3.Nc3 Nbd7 4.Bg5 c6 5.Qc2 h6 6.Bh4 g5 7.Bg3 Nh5 8.e3 Bg7 
9.Be2 Ndf6 10.Nf3 O-O 11.O-O Be6 12.e4 Nxg3 13.hxg3 Qc7 14.Rad1 Rfd8 15.
Rfe1 Rac8 16.a3 a6 17.Qd2 b5 18.d5 Bd7 19.dxc6 Bxc6 20.cxb5 axb5 21.Nd4 
Bxe4 22.Bxb5 Bg6 23.Nc6 Re8 24.Nb4 e6 25.Bxe8 Nxe8 26.Nb5 Qb8 27.a4 d5 28.
Rc1 Rxc1 29.Rxc1 Nf6 30.Nc6 Qb7 31.Qa5 Ne4 32.Qd8+ Bf8 33.Ne5 Qe7 34.Qxe7 
Bxe7 35.Rc8+ Kg7 36.a5 Nc5 37.Nxg6 Kxg6 38.Rc6 Ne4 39.a6 Bc5 40.Rxc5 1-0

[Event "2nd GMA World Cup prel  #1"]
[Site "Belgrade YUG"]
[Date "1988.??.??"]
[Round "?"]
[White "Matulovic, Milan"]
[Black "Chernin, Alexander"]
[Result "1/2-1/2"]
[WhiteElo "2425"]
[BlackElo "2565"]
[EventDate "1988.12.??"]
[PlyCount "62"]

1.e4 g6 2.d4 Bg7 3.Nf3 c6 4.Nc3 d5 5.h3 Nf6 6.Bd3 dxe4 7.Nxe4 Nxe4 8.Bxe4 
O-O 9.c3 Be6 10.O-O Bd5 11.Qe2 Re8 12.Bf4 Bxe4 13.Qxe4 Qd5 14.Qc2 Nd7 15.
Rfd1 b5 16.a4 a6 17.Re1 c5 18.dxc5 Nxc5 19.axb5 axb5 20.Rxa8 Qxa8 21.Be5 
Bf8 22.Bd4 Ne6 23.Qd3 Qc6 24.Be5 Rd8 25.Qe2 Qd5 26.Nd4 Nxd4 27.Bxd4 b4 28.
Qe5 Qxe5 29.Rxe5 Bg7 30.Rxe7 Bxd4 31.cxd4 Rxd4 1/2-1/2

[Event "2nd GMA World Cup prel  #1"]
[Site "Belgrade YUG"]
[Date "1988.??.??"]
[Round "?"]
[White "Matulovic, Milan"]
[Black "Rasidovic, Sead"]
[Result "1-0"]
[WhiteElo "2425"]
[BlackElo "2370"]
[EventDate "1988.12.??"]
[PlyCount "127"]

1.e4 e6 2.d4 d5 3.Nd2 Nf6 4.e5 Nfd7 5.c3 c5 6.Bd3 Nc6 7.Ne2 cxd4 8.cxd4 f6
9.exf6 Nxf6 10.O-O Bd6 11.Nf3 Qc7 12.Nc3 a6 13.Bg5 O-O 14.Bh4 g6 15.Bg3 
Nh5 16.Bxd6 Qxd6 17.Re1 Qf4 18.Bf1 Bd7 19.Re3 Ng7 20.g3 Qf6 21.Bh3 Ne7 22.
Qd2 Nef5 23.Bxf5 Nxf5 24.Ree1 Nd6 25.Ne5 Nc4 26.Qc2 Be8 27.b3 Nxe5 28.Rxe5
Rc8 29.f4 Rf7 30.Qd2 Rfc7 31.Rc1 Qe7 32.Ne2 Bb5 33.Rxc7 Qxc7 34.a4 Bxe2 
35.Rxe2 Kf7 36.Qe3 Qc1+ 37.Kf2 Qxe3+ 38.Rxe3 h5 39.h3 Rc6 40.g4 Kf6 41.
gxh5 gxh5 42.Re5 Rc2+ 43.Kf3 Rc3+ 44.Re3 Rc1 45.Re5 Rb1 46.Rxh5 Rxb3+ 47.
Kg4 Rb4 48.Rh6+ Ke7 49.Kg5 Rxd4 50.Rh7+ Kd6 51.Rxb7 Rxa4 52.Rb6+ Kd7 53.h4
d4 54.h5 Ra5+ 55.Kg6 Rf5 56.h6 Rxf4 57.h7 Rh4 58.Rxa6 e5 59.Kg5 Rxh7 60.
Ra7+ Ke6 61.Rxh7 d3 62.Kg4 Kd5 63.Kf3 Kc4 64.Ke3 1-0

[Event "2nd GMA World Cup prel  #1"]
[Site "Belgrade YUG"]
[Date "1988.??.??"]
[Round "?"]
[White "Matulovic, Milan"]
[Black "Watson, William"]
[Result "1/2-1/2"]
[WhiteElo "2425"]
[BlackElo "2500"]
[EventDate "1988.12.??"]
[PlyCount "61"]

1.e4 c5 2.Nf3 d6 3.d4 cxd4 4.Nxd4 Nf6 5.Nc3 g6 6.g3 Bg7 7.Bg2 O-O 8.h3 Nc6
9.Be3 Bd7 10.O-O Ne5 11.Nde2 b5 12.b3 Qc8 13.f4 Nc6 14.Kh2 Rb8 15.Qd2 b4 
16.Nd5 a5 17.Rac1 Rd8 18.Rfe1 Qa6 19.c3 a4 20.c4 axb3 21.axb3 Qa3 22.Nd4 
Nxd5 23.exd5 Na5 24.Rb1 Bxd4 25.Qxd4 Nxb3 26.Qd1 Ba4 27.f5 Nc5 28.Qg4 Bd7 
29.Bd4 Bxf5 30.Qh4 Nd7 31.Ra1 1/2-1/2

[Event "2nd GMA World Cup prel  #1"]
[Site "Belgrade YUG"]
[Date "1988.??.??"]
[Round "?"]
[White "Mednis, Edmar John"]
[Black "Andrijevic, Milan"]
[Result "1-0"]
[WhiteElo "2435"]
[BlackElo "2395"]
[EventDate "1988.12.??"]
[PlyCount "65"]

1.c4 e6 2.g3 Nf6 3.Bg2 c5 4.Nf3 Nc6 5.O-O Be7 6.d4 d5 7.cxd5 Nxd5 8.dxc5 
Bxc5 9.a3 O-O 10.b4 Be7 11.Bb2 Bf6 12.Qb3 Bxb2 13.Qxb2 Qe7 14.Nbd2 Nb6 15.
b5 Nb8 16.a4 a6 17.Ne5 Rd8 18.a5 Nd5 19.Ndc4 axb5 20.Qxb5 f6 21.Nd3 Ra7 
22.Rfc1 Nc6 23.Rab1 Nd4 24.Qb2 Nc6 25.Nb6 Rxa5 26.Nxc8 Rxc8 27.e4 Nc7 28.
Qxb7 Na7 29.Ra1 Ra3 30.Rxa3 Qxa3 31.Rxc7 Rxc7 32.Qxc7 Qxd3 33.Qb8+ 1-0

[Event "2nd GMA World Cup prel  #1"]
[Site "Belgrade YUG"]
[Date "1988.??.??"]
[Round "?"]
[White "Mednis, Edmar John"]
[Black "Palac, Mladen"]
[Result "0-1"]
[WhiteElo "2435"]
[BlackElo "2335"]
[EventDate "1988.12.??"]
[PlyCount "116"]

1.c4 Nf6 2.g3 e6 3.Bg2 d5 4.Nf3 dxc4 5.Qa4+ Nbd7 6.Qxc4 c5 7.O-O a6 8.Qc2 
b5 9.d3 Bb7 10.a4 Be7 11.Nc3 Qb6 12.Qb3 Nd5 13.Bg5 f6 14.Bd2 Kf7 15.Rfc1 
Bc6 16.Ne4 h6 17.Be1 Rhb8 18.a5 Qb7 19.h4 g5 20.Ned2 Nb4 21.e4 g4 22.Nh2 
Ne5 23.d4 cxd4 24.Ndf1 Nbd3 25.Nxg4 Bxe4 26.Nxe5+ Nxe5 27.Bxe4 Qxe4 28.Nd2
Qf5 29.Rc7 Rc8 30.Rac1 Rxc7 31.Rxc7 Nd3 32.Qd1 Nxb2 33.Qe2 Qe5 34.Qxe5 
fxe5 35.Ne4 Ke8 36.Bd2 Nc4 37.Bxh6 Kd8 38.Rb7 Nxa5 39.Rb6 Nc4 40.Rxe6 Kd7 
41.Rg6 a5 42.Bg5 Bxg5 43.hxg5 a4 44.f4 a3 45.Nc5+ Ke7 46.fxe5 Kf7 47.Rf6+ 
Kg7 48.Ne6+ Kg8 49.Rg6+ Kf7 50.Rf6+ Ke7 51.Nxd4 a2 52.Nc2 Ne3 53.Na1 Rd8 
54.Ra6 Rd1+ 55.Kh2 Rxa1 56.Ra7+ Ke6 57.g6 Ng4+ 58.Kg2 Kxe5 0-1

[Event "2nd GMA World Cup prel  #1"]
[Site "Belgrade YUG"]
[Date "1988.??.??"]
[Round "?"]
[White "Mednis, Edmar John"]
[Black "Sinadinovic, Andelko"]
[Result "1-0"]
[WhiteElo "2435"]
[BlackElo "2350"]
[EventDate "1988.12.??"]
[PlyCount "41"]

1.c4 e6 2.g3 d5 3.Bg2 c5 4.Nf3 Nc6 5.cxd5 exd5 6.d4 Nf6 7.O-O Be7 8.Nc3 
O-O 9.dxc5 Bxc5 10.Bg5 d4 11.Na4 Be7 12.Rc1 Bf5 13.Nc5 Qb6 14.Nxd4 Rfd8 
15.Nxc6 Rxd1 16.Nxe7+ Kf8 17.Rfxd1 Kxe7 18.Nxb7 Rb8 19.Be3 Qxb2 20.Bc5+ 
Ke6 21.Rd6+ 1-0

[Event "2nd GMA World Cup prel  #1"]
[Site "Belgrade YUG"]
[Date "1988.??.??"]
[Round "?"]
[White "Mencinger, Vojko"]
[Black "Janosevic, Dragoljub"]
[Result "1-0"]
[WhiteElo "2385"]
[BlackElo "2330"]
[EventDate "1988.12.??"]
[PlyCount "91"]

1.e4 c5 2.Nf3 Nc6 3.d4 cxd4 4.Nxd4 e5 5.Nb5 d6 6.c4 a6 7.N5c3 Nf6 8.Be2 
Be7 9.O-O O-O 10.Be3 Be6 11.Na3 Rc8 12.Rc1 Nd7 13.Qd2 Nc5 14.Rfd1 Re8 15.
Nc2 Bf8 16.b4 Nd7 17.Nd5 Ne7 18.Na1 f5 19.Nxe7+ Bxe7 20.exf5 Bxf5 21.Bf3 
Qc7 22.Qd5+ Kf8 23.Bh5 Bg6 24.Bxg6 hxg6 25.Qd3 Nb6 26.c5 dxc5 27.Qxg6 Red8
28.Nb3 Na4 29.Rxd8+ Rxd8 30.bxc5 Nxc5 31.h4 b6 32.Qf5+ Kg8 33.Nxc5 Bxc5 
34.Qe6+ Kh7 35.g3 a5 36.h5 Rd6 37.Qf5+ Kg8 38.Qg4 Kh7 39.Qe4+ Kh8 40.h6 
Rf6 41.hxg7+ Kxg7 42.Rc4 Rc6 43.Qh1 Rg6 44.Rh4 Qd6 45.Rh7+ Kf6 46.Qf3+ 1-0

[Event "2nd GMA World Cup prel  #1"]
[Site "Belgrade YUG"]
[Date "1988.??.??"]
[Round "?"]
[White "Mencinger, Vojko"]
[Black "Miljanic, Boro"]
[Result "1/2-1/2"]
[WhiteElo "2385"]
[BlackElo "2340"]
[EventDate "1988.12.??"]
[PlyCount "85"]

1.e4 e6 2.d4 d5 3.Nc3 Nf6 4.e5 Nfd7 5.f4 c5 6.Nf3 Nc6 7.Be3 cxd4 8.Nxd4 
Bc5 9.Qd2 O-O 10.O-O-O a6 11.g4 Bxd4 12.Bxd4 b5 13.Re1 b4 14.Na4 Nxd4 15.
Qxd4 a5 16.h4 Ba6 17.Bd3 Qc7 18.Kb1 Rfc8 19.Qf2 Qc6 20.b3 Nc5 21.Nxc5 Qxc5
22.Qxc5 Rxc5 23.Rd1 Bxd3 24.Rxd3 Rac8 25.Rh2 f6 26.exf6 gxf6 27.g5 Kf7 28.
h5 Rc3 29.Rdd2 Rf3 30.Rdg2 fxg5 31.fxg5 Rg8 32.g6+ hxg6 33.hxg6+ Rxg6 34.
Rh7+ Kf6 35.Rxg6+ Kxg6 36.Ra7 Kf5 37.Rxa5 Ke5 38.Rb5 Rf4 39.Kb2 Kd6 40.a4 
bxa3+ 41.Kxa3 Rf2 42.c4 dxc4 43.bxc4 1/2-1/2

[Event "2nd GMA World Cup prel  #1"]
[Site "Belgrade YUG"]
[Date "1988.??.??"]
[Round "?"]
[White "Mencinger, Vojko"]
[Black "Morovic Fernandez, Ivan"]
[Result "0-1"]
[WhiteElo "2385"]
[BlackElo "2545"]
[EventDate "1988.12.??"]
[PlyCount "64"]

1.d4 Nf6 2.Nf3 g6 3.c4 Bg7 4.g3 O-O 5.Bg2 c6 6.O-O d6 7.Nc3 Qa5 8.h3 Qa6 
9.Qd3 d5 10.Ne5 Bf5 11.Qd1 dxc4 12.e4 Be6 13.f4 Rd8 14.Be3 Nfd7 15.Qe2 
Nxe5 16.dxe5 f5 17.Rfd1 Nd7 18.Nd5 cxd5 19.exd5 Bf7 20.e6 Be8 21.exd7 Rxd7
22.Bd4 Bf7 23.Bxg7 Kxg7 24.Kh2 Rc8 25.Qe5+ Qf6 26.Rac1 b5 27.Bf3 Rcd8 28.
b3 Qxe5 29.fxe5 Bxd5 30.Bxd5 Rxd5 31.Rxd5 Rxd5 32.bxc4 Rc5 0-1